000 01805cam a22005054i 4500
003 PE-LiUPU
005 20250731172945.0
008 150623s1989 cua rb 000 0 eng d
020 _a094103707X
020 _a9780941037075
035 _a(Sirsi) i9780941037075
040 _aPE-LiUPU
_bspa
_cPE-LiUPU
_erda
049 _aPRUA
082 0 4 _a229.913
_bR36
_221
100 1 _aReid, Stephen Breck,
_d1952-,
_eautor.
245 1 0 _aEnoch and Daniel :
_ba form critical and sociological study of the historical Apocalypses /
_cby Stephen Breck Reid.
264 1 _aCalifornia :
_bBIBAL Press,
_c1989.
300 _axiii, 146 páginas ;
_c21 centímetros.
336 _atext
_2rdacontent
337 _aunmediated
_2rdamedia
338 _avolume
_2rdacarrier
490 0 _aBIBAL monograph series ;
_v2
504 _aIncluye bibliografía.
505 0 _aIntroduction -- History of research and its proper utilization -- The Enoch apocalypses -- The Daniel apocalypses -- Conclusion.
526 _aSEG42
526 _aSEG41
526 _aSEG40
526 _aSEG39
526 _aP94
526 _aP87
526 _aP86
526 _aP85
526 _aP77
526 _aP76
526 _aP35
630 0 6 _aBiblia.
_pA.T.
_pDaniel VII-X
_xCrítica, interpretación, etc.
650 0 4 _aLibro Etíope de Enoc LXXXIII-XCI
_xCrítica, interpretación, etc.
650 0 4 _aLibro Etíope de Enoc XCIII
_xCrítica, interpretación, etc.
910 _adbm
_bjpc
_cjpc
_d20190520
942 _2ddc
_cBOOK
994 _aC0
_bPEPRU
596 _a1
999 _a229.913 R36
_wDEWEY
_c21594
_i44729
_f2021-11-9
_g5
_lCCODEBUL1
_mBUL
_p12.00
_r0
_sY
_tBOOK
_u2015-6-24
_xTEOLOGIA
_PP35
_0COMPRA
_o.STAFF. Colección Teología
_d21594
980 _81
_gALBERTO SANCHEZ Responsable de Automatización